Impuesto sobre sociedades : Ley 43/1995, de 27 de diciembre, del Impuesto sobre Sociedades, (BOE de 28 diciembre 1995, núm. 310; RCL 1995, 3496) Ley 43/1995, de 27 de diciembre, del Impuesto sobre Sociedades, (BOE de 28 diciembre 1995, núm. 310; RCL 1995, 3496)
ISBN:
84-8193-281-7
Descripción Física:
72 p. ; 24 cm
MARC
| LEADER | 00000nam a2200000Ia 4500 | ||
|---|---|---|---|
| 001 | 14400 | ||
| 008 | 160829s1996 xx 000 0 cat d | ||
| 020 | |a 84-8193-281-7 | ||
| 080 | |a D-3-9 | ||
| 110 | 1 | |a Espanya. |t Ley 43/1995, de 27 de diciembre, del impuesto sobre sociedades |9 53852 | |
| 245 | |a Impuesto sobre sociedades : |b Ley 43/1995, de 27 de diciembre, del Impuesto sobre Sociedades, (BOE de 28 diciembre 1995, núm. 310; RCL 1995, 3496) | ||
| 260 | |a Pamplona : |b Aranzadi, |c 1996 | ||
| 300 | |a 72 p. ; |c 24 cm | ||
| 610 | 1 | 0 | |a Espanya. |t Ley 43/1995, de 27 de diciembre, del impuesto sobre sociedades |9 53852 |
| 650 | 0 | |a Societats |x Impostos |z Espanya |x Dret i legislació |9 23262 | |
| 901 | |a Arxiu | ||
| 942 | |n 1 | ||
| 952 | |0 1 |1 0 |2 udc |4 0 |5 2 |6 D39 |7 1 |9 42637 |a Arxiu |b Arxiu |d 2016-12-01 |l 0 |o D-3-9 |p 14400 |r 2016-12-01 00:00:00 |w 2016-12-01 |y ARXIU | ||
| 999 | |c 45143 |d 45143 | ||